[Event "Titled Tue 1st Jul Early"]
[Site "chess.com INT"]
[Date "2025.07.01"]
[Round "8"]
[White "Garv, Gaur"]
[Black "Cordoba Roa, Angel Gabriel"]
[Result "1-0"]
[WhiteTitle "FM"]
[BlackTitle "FM"]
[WhiteElo "2363"]
[BlackElo "2396"]
[WhiteFideId "45030839"]
[BlackFideId "3957624"]
[EventDate "2025.07.01"]

1. d4 Nf6 2. c4 e6 3. Nf3 c5 4. d5 exd5 5. cxd5 d6 6. Nc3 g6 7. g3 Bg7 8. Bg2
O-O 9. O-O Re8 10. Re1 a6 11. a4 Nbd7 12. Bf4 Qc7 13. Rc1 Nh5 14. Bg5 Rb8 15. b4
cxb4 16. Nb5 Qb6 17. Nc7 Rf8 18. Be7 Nc5 19. Bxf8 Bxf8 20. e4 Qxc7 21. e5 Bg4
22. e6 Bg7 23. Qd2 a5 24. Ng5 f6 25. Ne4 Nxe4 26. Rxe4 Qe7 27. Rxg4 f5 28. Rgc4
Bc3 29. R1xc3 bxc3 30. Qxc3 Qf6 31. Rc8+ Rxc8 32. Qxc8+ Kg7 33. Bf3 Qa1+ 34. Kg2
Nf6 35. Qxb7+ Kh6 36. Qf7 g5 37. e7 Qe5 38. Qxf6+ Qxf6 39. e8=Q g4 40. Be2 Qd4
41. Qe6+ Kg5 42. Qe3+ Qxe3 43. fxe3 Kf6 44. Bb5 Ke5 45. Bc6 Ke4 46. Kf2 h5 47.
Ke2 Ke5 48. Kd3 Kf6 49. Kd4 Kg5 50. Bd7 Kf6 51. Be6 Kg5 52. Kc4 Kf6 53. Kb5 Ke5
54. Kxa5 Ke4 55. Kb4 Ke5 56. a5 Ke4 57. a6 f4 58. exf4 1-0

[Event "Titled Tue 1st Jul Early"]
[Site "chess.com INT"]
[Date "2025.07.01"]
[Round "8"]
[White "Dann, Matthias"]
[Black "Tikhonov, Viacheslav"]
[Result "1-0"]
[WhiteTitle "IM"]
[BlackTitle "CM"]
[WhiteElo "2434"]
[BlackElo "2183"]
[WhiteFideId "24638056"]
[BlackFideId "44196407"]
[EventDate "2025.07.01"]

1. e4 c5 2. Nf3 Nc6 3. Nc3 Nf6 4. Bb5 Nd4 5. e5 Nxb5 6. Nxb5 Nd5 7. Ng5 f5 8.
exf6 Nxf6 9. O-O a6 10. Nc3 g6 11. d4 cxd4 12. Qxd4 Bg7 13. Bf4 O-O 14. Rad1 d5
15. Be5 Bf5 16. Nxd5 Qxd5 17. Qxd5+ Nxd5 18. Bxg7 Kxg7 19. Rxd5 Rfd8 20. Rfd1
Rxd5 21. Rxd5 h6 22. Nf3 Rc8 23. c3 Rc7 24. Rd4 Kf6 25. Kf1 g5 26. h3 Be6 27. a3
h5 28. Ke1 g4 29. hxg4 hxg4 30. Nd2 Bf5 31. Ke2 Rc6 32. f3 gxf3+ 33. gxf3 Be6
34. Ke3 a5 35. c4 Rb6 36. b3 Rc6 37. Kd3 Bf5+ 38. Kc3 b5 39. Rd5 bxc4 40. Nxc4
a4 41. bxa4 Be6 42. Rd4 Rc8 43. a5 Bf7 44. Kb4 e5 45. Re4 Bd5 46. Rh4 Bxf3 47.
a6 e4 48. Nb6 Rb8 49. Kc5 e3 50. Rf4+ Ke5 51. Rxf3 Ke4 52. Rxe3+ Kxe3 53. a7 Rh8
54. a8=Q Rxa8 55. Nxa8 Kd3 56. a4 Kc3 57. a5 Kb3 58. a6 Kc3 59. a7 Kd3 60. Nb6
Ke4 61. a8=Q+ Kd3 62. Qd8+ Ke3 63. Qd4+ Ke2 64. Qc3 Kf1 65. Kd4 Ke2 66. Ke4 Kd1
67. Qb2 Ke1 68. Ke3 Kf1 69. Qf2# 1-0

[Event "Titled Tue 1st Jul Early"]
[Site "chess.com INT"]
[Date "2025.07.01"]
[Round "8"]
[White "Drygalov, Sergey"]
[Black "Domin, Yan"]
[Result "0-1"]
[WhiteTitle "GM"]
[BlackTitle "FM"]
[WhiteElo "2560"]
[BlackElo "2222"]
[WhiteFideId "24171743"]
[BlackFideId "34169342"]
[EventDate "2025.07.01"]

1. d4 Nf6 2. c4 d6 3. Nf3 g6 4. g3 Bg7 5. Bg2 O-O 6. O-O Bf5 7. Nc3 Ne4 8. Nd5
c6 9. Ne3 Bd7 10. Qc2 Nf6 11. b3 a5 12. Bb2 Na6 13. a3 Qb6 14. Rfd1 Rfe8 15. h3
Rad8 16. Rac1 c5 17. d5 a4 18. bxa4 Qa5 19. Bc3 Qxa4 20. Qb2 b5 21. cxb5 Qxb5
22. Qc2 Rb8 23. Nd2 Qa4 24. Qxa4 Bxa4 25. Re1 Nd7 26. Bxg7 Kxg7 27. Nec4 Nc7 28.
Na5 Ra8 29. Nc6 Ra6 30. Rb1 Nb6 31. e4 e5 32. Na5 Rea8 33. Nb7 Nc8 34. Bf1 R6a7
35. Nd8 Kf8 36. Nc4 Ke7 37. Nc6+ Bxc6 38. dxc6 Ra6 39. Rb7 Rxc6 40. Rd1 Ra7 41.
Rb8 Ne6 42. Ne3 Nd4 43. Nd5+ Kf8 44. h4 Kg7 45. a4 Rxa4 46. Bh3 Na7 47. Ne7 Rc7
48. Rg8+ Kh6 49. Nd5 Rb7 50. Nf6 Nab5 51. Kg2 Nc3 52. g4 Ne6 53. g5+ Nxg5 54.
hxg5+ Kxg5 55. Rxd6 Nxe4 56. Nxh7+ Kh6 57. Rc6 Kxh7 58. Re8 Kg7 59. Rxe5 Rb2 60.
Bg4 Nxf2 0-1

[Event "Titled Tue 1st Jul Early"]
[Site "chess.com INT"]
[Date "2025.07.01"]
[Round "8"]
[White "Calvo Gonzalez, Jose Felix"]
[Black "Milare, Tyron"]
[Result "1-0"]
[WhiteTitle "CM"]
[BlackTitle "FM"]
[WhiteElo "2214"]
[BlackElo "2217"]
[WhiteFideId "54505615"]
[BlackFideId "12987018"]
[EventDate "2025.07.01"]

1. e4 c5 2. Nf3 g6 3. d4 Bg7 4. c4 Nf6 5. Nc3 cxd4 6. Nxd4 d6 7. Be2 h5 8. f3 h4
9. Be3 a6 10. Qd2 h3 11. g3 Nc6 12. O-O-O Be6 13. Nxe6 fxe6 14. f4 Qa5 15. Kb1
O-O-O 16. g4 Nd7 17. g5 Nc5 18. Bg4 Bxc3 19. Qxc3 Qxc3 20. bxc3 Nxe4 21. Bxe6+
Kc7 22. Kc2 Rh4 23. Rhf1 Nc5 24. Bf7 e5 25. Bxg6 exf4 26. Bxf4 Rg4 27. Bf5 Rg2+
28. Rd2 Ne5 29. Bxh3 Rxd2+ 30. Bxd2 Nxc4 31. Rf7+ Kb6 32. Bf4 Na3+ 33. Kd2 Nc4+
34. Ke2 Re8+ 35. Kf3 Ne5+ 36. Bxe5 dxe5 37. g6 e4+ 38. Ke3 Rg8 39. g7 Nd3 40.
Bf5 Ne5 41. Re7 Nc4+ 42. Kxe4 Nd6+ 43. Kf4 Ne8 44. h4 Nxg7 45. Bh7 Rf8+ 46. Kg5
Ne8 47. Bg6 Nf6 48. h5 Ng8 49. Rf7 Rd8 50. Rg7 Rd5+ 51. Kg4 Nh6+ 52. Kf4 Ng8 53.
Rxg8 Rc5 54. h6 Rc4+ 55. Kg5 Rxc3 56. Bh7 Rc5+ 57. Kf6 Rc6+ 58. Kg7 Rc7+ 59. Kg6
Rc6+ 60. Kg5 Rc5+ 61. Bf5 Rc2 62. h7 Rg2+ 63. Kf6 Rh2 64. h8=Q Rxh8 65. Rxh8 Kc5
66. Rh3 Kb4 67. Be4 b5 68. Bb7 Ka5 69. Bc6 Kb6 70. Rc3 b4 71. Rc1 a5 72. Ba4 1-0

[Event "Titled Tue 1st Jul Early"]
[Site "chess.com INT"]
[Date "2025.07.01"]
[Round "8"]
[White "Alikulov, Elbek"]
[Black "Uritsky, Yonathan"]
[Result "1/2-1/2"]
[WhiteTitle "IM"]
[BlackTitle "FM"]
[WhiteElo "2305"]
[BlackElo "2368"]
[WhiteFideId "14203308"]
[BlackFideId "2825651"]
[EventDate "2025.07.01"]

1. e4 c5 2. Nf3 e6 3. d4 cxd4 4. Nxd4 Nc6 5. Nc3 Nf6 6. Ndb5 d6 7. Bf4 e5 8. Bg5
a6 9. Na3 b5 10. Nab1 Be7 11. Bxf6 Bxf6 12. a4 b4 13. Nd5 O-O 14. Bc4 Be6 15.
O-O Bg5 16. c3 Rb8 17. Bxa6 bxc3 18. bxc3 Ne7 19. Bc4 Ng6 20. Qd3 Qc8 21. Na3
Rb2 22. Ra2 Nf4 23. Nxf4 Bxc4 24. Nxc4 Rxa2 25. Nd5 Qc5 26. a5 Rb8 27. Ndb6 Rd8
28. Qb1 Rxa5 29. Nxa5 Qxa5 30. Nd5 Qc5 31. Qb4 Rc8 32. Qxc5 Rxc5 33. Rb1 f5 34.
f3 fxe4 35. fxe4 Rc4 36. Re1 Bd2 37. Re2 Bxc3 38. Kf2 Bd4+ 39. Kf3 g6 40. Ra2
Kg7 41. Ra6 Bc5 42. Rc6 Rc2 43. Rc7+ Kh6 44. Kg3 Bf2+ 45. Kh3 Rxc7 46. Nxc7 Kg5
47. g3 Bc5 48. Nd5 h5 49. Kg2 h4 50. Kf3 h3 51. g4 Kh4 52. Ne7 Bg1 53. Nxg6+ Kg5
54. Ne7 Bxh2 55. Nf5 Bf4 56. Kf2 h2 57. Kg2 Kxg4 58. Nxd6 Kg5 59. Nc4 Bg3 60.
Nxe5 Bxe5 61. Kh1 Kf4 62. Kg2 Kxe4 63. Kh1 Kf3 1/2-1/2

[Event "Titled Tue 1st Jul Early"]
[Site "chess.com INT"]
[Date "2025.07.01"]
[Round "8"]
[White "Romany, Joy"]
[Black "Estrada Nieto, Julian"]
[Result "1/2-1/2"]
[WhiteTitle "WIM"]
[BlackTitle "IM"]
[WhiteElo "1960"]
[BlackElo "2189"]
[WhiteFideId "10656820"]
[BlackFideId "5101018"]
[EventDate "2025.07.01"]

1. d4 Nf6 2. c4 e6 3. g3 c5 4. d5 exd5 5. cxd5 d6 6. Nc3 g6 7. Bg2 Bg7 8. Nf3
O-O 9. O-O a6 10. a4 h6 11. h3 g5 12. Nd2 Re8 13. Nc4 Bf5 14. Re1 Ne4 15. Qb3
Nxc3 16. bxc3 Qc7 17. e4 Nd7 18. Bxg5 hxg5 19. exf5 Rab8 20. a5 Ne5 21. Nxe5
Rxe5 22. Rxe5 Bxe5 23. Qc4 b5 24. axb6 Rxb6 25. f4 gxf4 26. gxf4 Bf6 27. Kh2 Qb7
28. Rg1 Kf8 29. Qe4 Bxc3 30. f6 Bxf6 31. Qh7 Bc3 32. Bf3 Rb2+ 33. Kh1 Qb4 34.
Rg8+ Ke7 35. Qh4+ Bf6 36. Qg4 Qe1+ 37. Qg1 Qxg1+ 38. Rxg1 Rb3 39. Re1+ Kf8 40.
Bg4 a5 41. Bd7 Rb4 42. Re8+ Kg7 43. Ra8 Rxf4 44. Rxa5 Rd4 45. Bc6 Be5 46. Ra7 c4
47. Ra4 Rf4 48. Bb5 c3 49. Ra1 c2 50. Rc1 Rf2 51. Ba4 Rd2 52. Rxc2 Rd1+ 53. Kg2
Rxd5 54. Bc6 Rc5 55. Rxc5 dxc5 56. Bd5 Bf6 57. Bc4 Kf8 58. Kf3 Ke7 59. Kg4 Bd4
60. h4 f5+ 61. Kxf5 Bc3 62. Kg6 Bd4 63. h5 Bc3 64. h6 Bd4 65. h7 Bc3 66. Kh6 Bd4
67. Kg6 Bc3 68. Kh6 Bd4 69. Kg6 1/2-1/2

[Event "Titled Tue 1st Jul Early"]
[Site "chess.com INT"]
[Date "2025.07.01"]
[Round "8"]
[White "Lacasa Diaz, Josep Anton"]
[Black "Oviedo Acosta, Paula"]
[Result "0-1"]
[WhiteTitle "IM"]
[BlackTitle "WFM"]
[WhiteElo "2315"]
[BlackElo "1928"]
[WhiteFideId "2203375"]
[BlackFideId "3704394"]
[EventDate "2025.07.01"]

1. e4 c5 2. Nf3 a6 3. c3 d5 4. exd5 Qxd5 5. d4 cxd4 6. cxd4 Nc6 7. Nc3 Qd6 8.
Bd3 Nf6 9. O-O Bg4 10. Re1 Nxd4 11. Be2 Nxe2+ 12. Qxe2 e6 13. Bg5 Be7 14. Rad1
Qc6 15. Bxf6 Bxf6 16. Ne4 Be7 17. h3 Bh5 18. Rc1 Qb6 19. g4 Bg6 20. Ne5 Rd8 21.
Nc4 Qb5 22. Nc3 Qg5 23. Qf3 h5 24. Ne4 hxg4 25. Nxg5 gxf3 26. Nxf3 Rxh3 27. Kg2
Rh5 28. Rcd1 Rhd5 29. Rxd5 Rxd5 30. Ne3 Rc5 31. Rd1 Bf6 32. b3 Ra5 33. a4 Rc5
34. Nc4 Rd5 35. Nd6+ Kd7 36. Rxd5 exd5 37. Nxb7 Kc6 38. Na5+ Kb6 39. b4 Bc3 40.
Nh4 Bc2 41. b5 Bxa5 42. bxa6 Kxa6 43. Kf3 Bxa4 44. Kf4 f6 45. Nf5 Bd7 46. Nxg7
Bc7+ 47. Ke3 Kb5 48. Kd4 Kc6 49. Nh5 Be5+ 50. Kd3 Bg4 51. Ng7 f5 52. Ne6 Kd6 53.
Nd8 f4 54. Nf7+ Ke6 55. Nd8+ Kd7 56. Nb7 Kc6 57. Nd8+ Kc5 58. Nf7 Bf5+ 59. Kd2
Bf6 60. f3 d4 61. Ke2 Kd5 62. Kd2 Ke6 63. Nh6 Bg6 64. Ng4 Bh4 65. Nh2 Bf2 66.
Ng4 Be3+ 67. Ke2 Kf5 68. Nh2 Kg5 69. Nf1 Bf5 70. Kd1 Kh4 71. Ke2 Bh3 72. Nxe3
dxe3 73. Kd3 Kg3 74. Ke2 Bg2 0-1

[Event "Titled Tue 1st Jul Early"]
[Site "chess.com INT"]
[Date "2025.07.01"]
[Round "8"]
[White "Sanal, Vahap"]
[Black "Povshednyi, Ivan"]
[Result "0-1"]
[WhiteTitle "GM"]
[BlackTitle "FM"]
[WhiteElo "2550"]
[BlackElo "2307"]
[WhiteFideId "6300545"]
[BlackFideId "14190907"]
[EventDate "2025.07.01"]

1. e4 c5 2. Nf3 d6 3. Bb5+ Nd7 4. c3 Nf6 5. Qe2 a6 6. Ba4 b5 7. Bc2 Bb7 8. O-O
c4 9. b3 Qc7 10. Na3 Rc8 11. bxc4 bxc4 12. Rb1 Ba8 13. Rb4 d5 14. Ba4 e6 15.
exd5 Bxd5 16. Rb1 Bc5 17. Ne5 O-O 18. Nexc4 Nb6 19. Nxb6 Bxb6 20. Bb3 Bc5 21.
Nc2 Rfd8 22. Bb2 Be4 23. d4 Bxc2 24. Bxc2 Bxd4 25. Rbc1 Bc5 26. Bb3 h6 27. h3 a5
28. Rfd1 Qb6 29. c4 Bd4 30. Rxd4 Rxd4 31. Qe3 e5 32. Re1 Qd8 33. Qxe5 Rd2 34.
Bc3 Rd3 35. Bxa5 Qe8 36. Qf5 Qd7 37. Qxd7 Rxd7 38. Bc3 Rdc7 39. Be5 Re7 40. f4
Nd7 41. Kf2 Nxe5 42. fxe5 Rce8 43. a4 Rxe5 44. Rxe5 Rxe5 45. Kf3 Kf8 46. Kf4 f6
47. Bc2 Ke7 48. Be4 g5+ 49. Kf3 f5 50. Bd5 Kd6 51. a5 Re1 52. a6 Ra1 53. Bb7
Ra3+ 54. Kf2 Kc5 55. Bc8 f4 56. h4 Kxc4 57. hxg5 hxg5 58. Ke2 Kd4 59. Kf2 Ke5
60. Ke2 Kf6 61. Kf2 Kg6 62. Ke2 Kh5 63. Kf2 Kh4 64. Bb7 g4 65. Bc8 Ra2+ 66. Kf1
Kg3 67. Bb7 f3 68. gxf3 gxf3 69. Ke1 f2+ 0-1

[Event "Titled Tue 1st Jul Early"]
[Site "chess.com INT"]
[Date "2025.07.01"]
[Round "8"]
[White "Mayta Aiza, Maveric"]
[Black "Szalay-Ocsak, Bank"]
[Result "0-1"]
[WhiteTitle "CM"]
[BlackTitle "FM"]
[WhiteElo "2180"]
[BlackElo "2209"]
[WhiteFideId "3307336"]
[BlackFideId "784923"]
[EventDate "2025.07.01"]

1. e4 c6 2. d4 a6 3. Nc3 d5 4. a4 dxe4 5. Nxe4 Nf6 6. Nxf6+ exf6 7. c3 Bd6 8.
Bd3 O-O 9. Qc2 Re8+ 10. Be3 h6 11. Ne2 Nd7 12. O-O Nf8 13. Rae1 b5 14. axb5 axb5
15. Ng3 Qc7 16. Kh1 Be6 17. Nh5 Bd5 18. Qd2 Qd7 19. f3 Nh7 20. Bxh6 Bf8 21. Bf4
g6 22. Ng3 f5 23. Qf2 Bd6 24. Bc1 Nf6 25. Bg5 Kg7 26. Qd2 Rh8 27. Kg1 Qc7 28.
Qf2 Rxh2 29. Bxf6+ Kxf6 30. f4 Rah8 31. Re5 Bxe5 32. fxe5+ Kg7 33. Bxf5 Rxg2+
34. Qxg2 Bxg2 35. Kxg2 gxf5 36. Rxf5 Rh6 37. Kf3 Rg6 38. Ne4 Qa7 39. Nd6 f6 40.
Ne8+ Kf7 41. Nxf6 Rxf6 42. Rxf6+ Ke7 43. Rh6 Qa1 44. Rh7+ Ke6 45. Rh6+ Kd7 46.
Rh7+ Kd8 47. Rh8+ Kc7 48. Rh7+ Kb6 49. e6 Qf1+ 50. Kg4 Qe2+ 51. Kg5 Qxe6 52. Rh2
Qd5+ 53. Kg4 Qe4+ 54. Kg3 Qe3+ 55. Kh4 b4 56. cxb4 Qxd4+ 57. Kg3 Qe3+ 58. Kg2
Kb5 59. Kf1 Kxb4 60. Re2 Qf3+ 61. Ke1 c5 62. Rf2 Qe3+ 63. Re2 Qc1+ 64. Kf2 c4
65. Kf3 Kb3 66. Re8 Qd1+ 67. Kf2 Qd2+ 68. Kf1 Qd3+ 69. Ke1 Qb1+ 70. Ke2 Qxb2+
71. Kd1 Qc2+ 72. Ke1 Qc3+ 73. Ke2 Qd3+ 74. Ke1 Qg3+ 75. Kd2 Qf4+ 76. Ke1 Qh4+
77. Kd2 Qg5+ 78. Ke1 Kc3 79. Re2 Qg1# 0-1

[Event "Titled Tue 1st Jul Early"]
[Site "chess.com INT"]
[Date "2025.07.01"]
[Round "8"]
[White "Villa Tornero, Alex"]
[Black "Mardov, Dimitar"]
[Result "0-1"]
[WhiteTitle "FM"]
[BlackTitle "IM"]
[WhiteElo "2282"]
[BlackElo "2506"]
[WhiteFideId "54501091"]
[BlackFideId "30919495"]
[EventDate "2025.07.01"]

1. e4 e5 2. Nf3 Nc6 3. Bb5 a6 4. Ba4 g6 5. O-O Bg7 6. c3 d6 7. h3 Ne7 8. d4 exd4
9. cxd4 b5 10. Bc2 O-O 11. Nc3 Bb7 12. Bf4 h6 13. Re1 g5 14. Bg3 Ng6 15. d5 Nce7
16. Nd4 Be5 17. Bxe5 dxe5 18. Nf5 Nxf5 19. exf5 Nf4 20. Rxe5 b4 21. Ne4 f6 22.
Re6 Bxd5 23. Bb3 Bxb3 24. Qxb3 Nxe6 25. Nc5 Qe7 26. Nxe6 Rf7 27. Rd1 Kh7 28. Re1
Kh8 29. Re3 Qd7 30. Rd3 Qe8 31. Qxb4 Qb5 32. Qc3 Qxf5 33. Nd4 Qe5 34. Re3 Qd5
35. Rf3 Re8 36. Nf5 Qe5 37. Nxh6 Rd7 38. Qxe5 fxe5 39. Nf7+ Kg7 40. Nxg5 Rd1+
41. Kh2 Rd2 42. Rg3 Rxb2 43. Ne6+ Kf6 44. Nxc7 Rd8 45. Nxa6 Rxf2 46. Nc5 Rxa2
47. Ne4+ Ke6 48. Nc5+ Ke7 49. Ne4 Rd4 50. Ng5 Kf6 51. Nh7+ Kf5 52. Rf3+ Rf4 53.
Rg3 e4 54. Ng5 Rf1 55. Nf7 Re1 56. Nd6+ Ke6 57. Rg6+ Ke5 58. Nf7+ Kd5 59. Rg5+
Kd4 60. Ne5 Raa1 61. h4 Rh1+ 62. Kg3 Ra3+ 63. Kg4 e3 64. Nf3+ Kd3 65. Rd5+ Ke2
66. h5 Kf2 67. Nh4 Ra4+ 68. Kg5 Raxh4 69. g4 e2 70. Re5 e1=Q 71. Rxe1 Kxe1 72.
Kg6 Rxg4+ 73. Kh6 Rgh4 0-1

[Event "Titled Tue 1st Jul Early"]
[Site "chess.com INT"]
[Date "2025.07.01"]
[Round "8"]
[White "Fronda, Jan Jodilyn"]
[Black "Rietze, Clemens"]
[Result "0-1"]
[WhiteTitle "WIM"]
[BlackTitle "FM"]
[WhiteElo "2115"]
[BlackElo "2348"]
[WhiteFideId "5204585"]
[BlackFideId "24620351"]
[EventDate "2025.07.01"]

1. e4 c6 2. d4 d5 3. e5 Bf5 4. Nf3 e6 5. Bd3 Ne7 6. c4 dxc4 7. Bxc4 Nd7 8. O-O
Nb6 9. Bb3 Bg6 10. a4 a5 11. Nbd2 Nf5 12. Ne4 Be7 13. Re1 O-O 14. Bg5 h6 15.
Bxe7 Qxe7 16. Qe2 Rfd8 17. Rad1 Nd5 18. Bc2 Bh7 19. Ng3 Nf4 20. Qc4 g5 21. Nxf5
exf5 22. g3 Nd5 23. e6 fxe6 24. Ne5 Re8 25. Qe2 Rad8 26. Qh5 Kg7 27. Nc4 b6 28.
Ne5 Rc8 29. Bb3 Qf6 30. Nxc6 Bg6 31. Qf3 Rxc6 32. Bxd5 exd5 33. Rxe8 Bxe8 34.
Qxd5 Rd6 35. Qb7+ Bf7 36. Re1 Qxd4 37. Qc7 Rd7 38. Qc2 Qd3 39. Qc6 Qd4 40. Qb5
Rd5 41. Qc6 Rd6 42. Qc8 Qd5 43. Re7 Re6 44. Rxe6 Qxe6 45. Qc3+ Qf6 46. Qe3 Kg6
47. h4 Qe6 48. Qd4 Qf6 49. Qe3 Bd5 50. Qe8+ Kg7 51. Qd7+ Bf7 52. h5 Qe6 53. Qb7
f4 54. Kg2 fxg3 55. fxg3 Qd5+ 56. Qxd5 Bxd5+ 57. Kf2 Kf6 58. Ke3 Ke5 59. Kd3 Bf3
60. Kc4 Kd6 61. Kb5 Kc7 62. b4 axb4 63. Kxb4 Bxh5 64. a5 bxa5+ 65. Kxa5 Kd6 66.
Kb4 Ke5 67. Kc3 Ke4 68. Kd2 Kf3 69. Ke1 Kxg3 70. Kf1 Bg4 71. Kg1 h5 72. Kh1 h4
73. Kg1 h3 74. Kh1 Bh5 75. Kg1 h2+ 76. Kh1 Bf3# 0-1

[Event "Titled Tue 1st Jul Early"]
[Site "chess.com INT"]
[Date "2025.07.01"]
[Round "8"]
[White "Li, Hui"]
[Black "Ketzetzis, Georgios"]
[Result "1/2-1/2"]
[WhiteTitle "CM"]
[BlackTitle "FM"]
[WhiteElo "2065"]
[BlackElo "2292"]
[WhiteFideId "15400310"]
[BlackFideId "4215206"]
[EventDate "2025.07.01"]

1. e4 c6 2. d4 d5 3. Nd2 dxe4 4. Nxe4 Nf6 5. Nxf6+ gxf6 6. c3 Qd5 7. Nf3 Bg4 8.
Be2 Nd7 9. h3 Bh5 10. Qb3 Qxb3 11. axb3 a6 12. b4 e5 13. dxe5 Bxf3 14. Bxf3 Nxe5
15. Be2 O-O-O 16. Be3 Nd3+ 17. Bxd3 Rxd3 18. Ke2 Rd7 19. Rhd1 Be7 20. Rxd7 Kxd7
21. Rd1+ Ke6 22. Kf3 Rd8 23. Rxd8 Bxd8 24. Ke4 f5+ 25. Kd3 b5 26. Bd4 Bc7 27.
Ke3 Kd5 28. Kd3 Be5 29. Bc5 f4 30. f3 a5 31. Bf2 axb4 32. cxb4 Bxb2 33. Bc5 f5
34. Bf8 Bd4 35. Bh6 Be5 36. Bg5 c5 37. bxc5 Kxc5 38. Be7+ Kd5 39. Bf8 Bd6 40.
Bg7 b4 41. Bf6 h5 42. Bg5 Be5 43. Kc2 Kc4 44. Bh4 b3+ 45. Kd2 b2 46. Kc2 Bc3 47.
Bf2 Bd4 48. Be1 Bf6 49. Bd2 Kb5 50. Bxf4 Kb4 51. g4 Ka3 52. Kb1 fxg4 53. fxg4 h4
54. Be3 Kb3 55. g5 Bg7 56. g6 Kc3 57. Bf2 Bf6 58. Bxh4 Bg7 59. Bg5 Kd3 60. h4
Ke4 61. h5 Kf5 62. Be3 Bf6 63. Bd2 Be5 64. Kc2 Bf6 65. Be3 Be5 66. Bd2 Bf6 67.
Be3 Be5 68. Bd2 1/2-1/2

[Event "Titled Tue 1st Jul Early"]
[Site "chess.com INT"]
[Date "2025.07.01"]
[Round "8"]
[White "Cunha, Lucas Aguiar"]
[Black "Beyer, Lorenz"]
[Result "1/2-1/2"]
[WhiteTitle "FM"]
[BlackTitle "CM"]
[WhiteElo "2254"]
[BlackElo "2192"]
[WhiteFideId "2125404"]
[BlackFideId "16245393"]
[EventDate "2025.07.01"]

1. e4 e6 2. d4 d5 3. Nd2 c5 4. Ngf3 cxd4 5. Nxd4 Nc6 6. Bb5 Bd7 7. Nxc6 Bxc6 8.
Bxc6+ bxc6 9. c4 Nf6 10. Qa4 Qc7 11. cxd5 exd5 12. exd5 Nxd5 13. O-O Be7 14. Nf3
O-O 15. Bd2 Bf6 16. Rab1 Rab8 17. Qa3 Qb6 18. b3 Nc3 19. Bxc3 Bxc3 20. Rbc1 Bf6
21. Rc4 Rbc8 22. h4 h6 23. Rfc1 Rfd8 24. Ra4 Rd7 25. Ra6 Qb7 26. Qa4 Rd6 27.
Rxa7 Qb6 28. Qa6 Qd8 29. Qb7 Rd1+ 30. Rxd1 Qxd1+ 31. Kh2 Qd6+ 32. g3 Rf8 33. Ra8
Qd5 34. Rxf8+ Kxf8 35. Qc8+ Ke7 36. Kg2 g5 37. hxg5 hxg5 38. g4 Qe4 39. a4 Bc3
40. Qf5 Qxf5 41. gxf5 Kf6 42. Ng1 c5 43. Ne2 Bd2 44. Ng3 Ke5 45. Kf3 Bb4 46. Kg4
f6 47. Nh5 Bc3 48. f4+ gxf4 49. Nxf4 Ke4 50. Ne6 Kd5 51. Kh5 c4 52. bxc4+ Kxc4
53. Kg6 Kb4 54. Nc7 Kxa4 55. Nd5 Bd4 56. Nxf6 Kb5 57. Kf7 Kc6 58. Ke6 Kc7 59.
Nd7 Kd8 60. Nf8 Ke8 61. Ng6 Bb2 62. Nf4 Kf8 63. Nd3 Bc3 64. Nc5 Bb2 65. Ne4 Kg7
66. Ng5 Kf8 67. Nf7 Ba1 68. Nd6 Bb2 69. Nc4 Ba1 70. Na5 Bc3 71. Nb7 Bd4 72. Nd6
Ba1 1/2-1/2

[Event "Titled Tue 1st Jul Early"]
[Site "chess.com INT"]
[Date "2025.07.01"]
[Round "8"]
[White "Joseph Benher, Savio"]
[Black "Rogov, Matfey"]
[Result "0-1"]
[BlackTitle "FM"]
[WhiteElo "2143"]
[BlackElo "2348"]
[WhiteFideId "2629453"]
[BlackFideId "44191308"]
[EventDate "2025.07.01"]

1. e4 e5 2. Nf3 Nc6 3. Bb5 a6 4. Ba4 Nf6 5. d3 Bc5 6. O-O b5 7. Bb3 d6 8. a4 Rb8
9. axb5 axb5 10. Nc3 Bg4 11. Be3 O-O 12. Nd5 Nxd5 13. Bxd5 Ne7 14. Bb3 Ng6 15.
h3 Be6 16. Bxe6 fxe6 17. Bxc5 dxc5 18. Ra6 Rb6 19. Ra7 Nf4 20. Kh2 Qe7 21. g3
Ng6 22. Qe2 Qf7 23. Kg2 Rd6 24. Rfa1 Rd7 25. R1a6 Qf6 26. Rc6 Rdf7 27. Rcxc7 Ne7
28. h4 h6 29. Nxe5 Qxe5 30. Rxe7 Rxe7 31. Rxe7 Qxb2 32. Qg4 Kh8 33. h5 b4 34.
Qd1 Qf6 35. Rc7 Qxf2+ 36. Kh3 Rf3 37. Rxg7 Kxg7 38. Qa1+ Kf7 39. Qa7+ Kf6 40.
Qb8 Qf1+ 41. Kg4 Rf2 42. Qf8+ Ke5 43. Qh8+ Kd6 44. Qd8+ Kc6 45. Qe8+ Kc7 46.
Qe7+ Kb6 47. Qd6+ Kb5 48. Qd7+ Ka5 49. Qd8+ Ka6 50. Qd6+ Kb7 51. Qd7+ Kb6 52.
Qxe6+ Ka5 53. Qa2+ Kb6 54. Qe6+ Ka5 55. Qa2+ Kb5 56. Qc4+ Kc6 57. Qd5+ Kc7 58.
Qxc5+ Kd7 59. Qd5+ Ke7 60. Qe5+ Kf7 61. Qd5+ Kg7 62. Qd4+ Rf6 63. Qxb4 Qd1+ 64.
Kh4 Qh1+ 65. Kg4 Qf3+ 66. Kh3 Qf1+ 67. Kh4 Rf7 68. Qd4+ Kh7 69. e5 Rg7 70. Qe4+
Kh8 71. d4 Qf2 72. Kh3 Qxg3# 0-1

[Event "Titled Tue 1st Jul Early"]
[Site "chess.com INT"]
[Date "2025.07.01"]
[Round "8"]
[White "Purygin, Andrei"]
[Black "Tsyhanchuk, Stanislav"]
[Result "0-1"]
[WhiteTitle "FM"]
[BlackTitle "IM"]
[WhiteElo "2335"]
[BlackElo "2273"]
[WhiteFideId "24111180"]
[BlackFideId "13505130"]
[EventDate "2025.07.01"]

1. e4 c5 2. d4 cxd4 3. c3 Nf6 4. e5 Nd5 5. Qxd4 e6 6. Nf3 Nc6 7. Qg4 f5 8. exf6
Nxf6 9. Qg3 Ne4 10. Qg4 Nf6 11. Qg3 Ne4 12. Qg4 d5 13. Bd3 e5 14. Qh5+ g6 15.
Qh4 Qxh4 16. Nxh4 Nf6 17. Bg5 Bg7 18. Bc2 e4 19. g3 Ne5 20. Bf4 Nh5 21. Bxe5
Bxe5 22. O-O Nf6 23. f3 O-O 24. Nd2 e3 25. Nb3 a5 26. a4 Bd7 27. Rfe1 Rae8 28.
Ng2 Bc7 29. Nxe3 Bb6 30. Nd4 Rc8 31. Bb3 Rfe8 32. Nxd5 Nxd5 33. Bxd5+ Kg7 34.
Bxb7 Rb8 35. Rxe8 Bxe8 36. Be4 Bxd4+ 37. cxd4 Rxb2 38. d5 Rb4 39. Bc2 Rb2 40.
Rc1 Kf6 41. Be4 Bxa4 42. Rc7 Bb5 43. Ra7 a4 44. f4 Rb3 45. Bg2 a3 46. d6 Rb1+
47. Kf2 Rb2+ 48. Kg1 a2 49. d7 Bxd7 50. Ra6+ Ke7 51. Bd5 Rb1+ 52. Kf2 a1=Q 53.
Rxa1 Rxa1 54. Be4 Ra2+ 55. Kf3 Rxh2 56. Bd3 Rb2 57. Ke3 Bf5 58. Be2 Rb3+ 59. Kf2
Kf6 60. Bf3 h5 61. g4 Rxf3+ 62. Kxf3 Bxg4+ 63. Kg3 Kf5 64. Kh4 Bd1 65. Kg3 g5
66. fxg5 Kxg5 67. Kh2 h4 68. Kh1 Kg4 69. Kh2 Bf3 70. Kg1 Kg3 0-1

[Event "Titled Tue 1st Jul Early"]
[Site "chess.com INT"]
[Date "2025.07.01"]
[Round "8"]
[White "Vidruska, Renate"]
[Black "Gattani, Sarthak"]
[Result "1-0"]
[WhiteTitle "WFM"]
[WhiteElo "2026"]
[BlackElo "1944"]
[WhiteFideId "11601841"]
[BlackFideId "30995965"]
[EventDate "2025.07.01"]

1. d4 d5 2. Bf4 Nf6 3. e3 c5 4. Nf3 Nc6 5. Nbd2 cxd4 6. exd4 Bf5 7. c3 e6 8. Be2
Bd6 9. Bxd6 Qxd6 10. Nh4 Bg6 11. Nxg6 hxg6 12. h3 O-O-O 13. b4 e5 14. b5 Na5 15.
Qa4 b6 16. Nb3 Nxb3 17. axb3 Rd7 18. O-O e4 19. c4 Kb8 20. Rac1 dxc4 21. bxc4
Qxd4 22. Rfd1 Qc5 23. Rxd7 Nxd7 24. Bg4 Nf6 25. Ra1 Qc7 26. Be2 Nd7 27. Qc2 Nc5
28. f3 e3 29. Qc3 Re8 30. Qxg7 Qe5 31. Qxe5+ Rxe5 32. Ra3 f5 33. f4 Re4 34. g3
Ne6 35. Kf1 Nd4 36. Rd3 Kc7 37. Ra3 Kb8 38. Rd3 Kc7 39. Ra3 Kd6 40. Rxa7 Kc5 41.
Rc7+ Kb4 42. Rg7 Kc3 43. Rxg6 Kd2 44. Bh5 Re7 45. Rd6 Kc3 46. Be2 Rg7 47. g4
fxg4 48. hxg4 Re7 49. g5 Re4 50. Rf6 Kd2 51. Bg4 e2+ 52. Bxe2 Nxe2 53. g6 Nxf4
54. g7 Re1+ 55. Kf2 Nh3+ 56. Kg2 Rg1+ 57. Kxh3 Rxg7 58. Rxb6 Kc3 59. Rc6 Kb4 60.
Kh4 Rb7 61. Kh5 Rd7 62. Kg5 Rd4 63. Kf5 Rd7 64. Ke5 Ka5 65. Ke6 Rd4 66. Ke7 Rd3
67. Ra6+ Kb4 68. Rd6 Re3+ 69. Kd7 Kxc4 70. b6 Rb3 71. Kc7 Kc5 72. Rc6+ Kb5 73.
b7 Ka5 74. b8=Q 1-0